000 00920nam a2200277 i 4500
003 EG-GICUC
005 20260501085311.0
008 260501s1951 nyu||||fr|||| 00| 0 eng d
040 _aEG-GiCUC
_cEG-GiCUC
_dEG-GiCUC
_erda
082 0 4 _221
_a343.60747
_bKE . C
092 0 4 _221
099 _aLaw1 10 343.60747 KE . C 1951
100 1 _aKefauver, Estes
_eAuthor.
245 1 0 _aCrime in America :
_bchairman of the Senate Crime Investigating Committee (May 10, 1950-May 1, 1951) /
_cby Estes Kefauver.
264 1 _aNew York :
_bDoubleday,
_c1951.
300 _a174 pages :
_billustrations,
_c23 cm.
336 _2rda content
_atext
337 _2rda media
_aComputer
338 _2rda carrier
_aOnline Resource
546 _aText in English
650 1 _aCriminal law
650 1 _aCriminology
_zAmerica
856 4 0 _uhttps://fll.law.cu.edu.eg/fulltext/bks/B10-11904.pdf
905 _a43
942 _2ddc
_n0
_cBK
_e21
999 _c74608
_d74608